Top 10 Pork Exporting Countries - Statistics

General Stats
  • This quiz has been taken 192 times
  • The average score is 8 of 10
Answer Stats
Money Made (USD) Answer % Correct
$4,019,415,000 United States
99%
$3,971,070,000 Germany
95%
$828,895,000 France
92%
$2,998,204,000 Spain
91%
$2,235,287,000 Canada
89%
$757,948,000 Poland
82%
$1,168,415,000 Brazil
81%
$1,939,356,000 Netherlands
62%
$1,310,014,000 Belgium
54%
$2,523,195,000 Denmark
47%
No matching quizzes found
Score Distribution
Percent of People with Each Score
Percentile by Number Answered
Your Score History
You have not taken this quiz